[Event "Mexican op 64th"]
[Site "Aguascalientes"]
[Date "2018.03.27"]
[Round "1"]
[White "Henriquez Villagra, Cristobal"]
[Black "Solis Herrera, Javier de Jesus"]
[Result "1-0"]
[WhiteElo "2501"]
[BlackElo "1978"]
[PlyCount "49"]
[EventDate "2018.03.27"]
[EventType "swiss"]
[EventRounds "9"]
[EventCountry "MEX"]
[SourceTitle "EXT 2019"]
[Source "ChessBase"]
[SourceDate "2018.10.10"]
[SourceVersion "1"]
[SourceVersionDate "2018.10.10"]
[SourceQuality "1"]

1. e4 d6 2. d4 Nf6 3. Nc3 g6 4. Nf3 Bg7 5. h3 0-0 6. Be3 c6 7. a4 Qa5 8. Qd2 Nbd7 9. Bc4 e5 10. 0-0 Qc7 11. Ba2 a5 12. Rad1 Rb8 13. d5 c5 14. Nb5 Qb6 15. Qd3 h6 16. Nd2 Ne8 17. Nc4 Qa6 18. f4 f6 19. Bd2 Nb6 20. fxe5 fxe5 21. Rxf8+ Bxf8 22. Qg3 Kh7 23. Rf1 Bg7 24. Rf7 Nxc4 25. Bxh6 1-0